U.S. States Without Border Rivers - Statistics

General Stats
  • This quiz has been taken 39 times
  • The average score is 4 of 5
Answer Stats
Answer % Correct
Hawaii
92%
Colorado
79%
Utah
69%
Wyoming
69%
Montana
49%
No matching quizzes found
Score Distribution
Percent of People with Each Score
Percentile by Number Answered
Your Score History
You have not taken this quiz